000 00315nam a2200133Ia 4500
008 191201s2011 xx 000 0 und d
082 _a671.52
_bAGW
100 _aAGARWAL, RL
245 0 _aWelding Engineering
250 _a5th
260 _c2011
_bKhanna Publisher
_aNEW DELHI
300 _a744
942 _2ddc
_cBK
_01
999 _c8045
_d8045